000 02165nam0a2200385 4500
001 RU\NLR\BIBL_A\011952573
005 20190325143738.0
010 _a978-5-7831-1644-5
_980
021 _aRU
_bКН-П-19-005520
_9КН-П-19-0408
035 _a(NLR Aleph) 011952573
035 _a(RuMoRGB)009878735
090 _a11157299
_c11157299
100 _a20190305d2018 k y0rusy50 ca
101 0 _arus
102 _aRU
105 _aa|||z|||000zy
200 1 _aОсновы токсикологии для специалистов нефтегазового производства
_eмонография
_fН.Х. Абдрахманов, И.Р. Киреев, Т.М. Еникеева, В.Б. Барахнина
_gМинистерство образования и науки Российской Федерации, Федеральное государственное бюджетное образовательное учреждение высшего образования "Уфимский государственный нефтяной технический университет"
210 _aУфа
_cИзд-во УГНТУ
_d2018
215 _a130 с.
_cил., табл.
_d20
300 _aНа обл. авт. не указаны
320 _aБиблиогр.: с. 118-126 (62 назв.)
606 1 _aНефтяные продукты
_xТоксичность
_2nlr_sh1
_2nlr_sh2
_3RU\NLR\AUTH\66773040
606 1 _aОтравления нефтяными продуктами
_2nlr_sh1
_2nlr_sh2
_3RU\NLR\AUTH\66719277
610 0 _aнефтегазовая промышленность токсикология
686 1 _aР284.504
686 1 _aР419.450
701 1 _aАбдрахманов
_bН. Х.
_gНаиль Хадитович
701 1 _aКиреев
_bИ. Р.
_f1941-
_gИльгис Рустамбекович
_3RU\NLR\AUTH\77117875
701 1 _aЕникеева
_bТ. М.
_gТатьяна Маратовна
701 1 _aБарахнина
_bВ. Б.
_gВера Борисовна
942 _cBOOK
980 _aNBR
980 _aNB